les prénoms de garçons selon les pays - Statistiques

Statistiques générales
  • Ce quiz a été pris 765 fois
  • Le résultat moyen est 6 sur 10
Statistiques - réponses
Prénom Pays % Correct
Lucas France
97%
Pedro Espagne
85%
Scott États Unis
82%
Marco Italie
80%
William Royaume-Uni
80%
Apollon Grèce
57%
Jonas Allemagne
52%
Mohamed Tunisie
44%
Mamadou Côte d'Ivoire
20%
Jack Irlandais
3%
Aucun quiz correspondant
Distribution des résultats
% des personnes avec chaque résultat
Percentile par nombre de réponses
Votre historique - résultats
Vous n’avez pas pris ce quiz